[Event "Leipzig VfB op 23rd"]
[Site "Leipzig"]
[Date "2016.03.16"]
[Round "3"]
[White "Franke, Uwe"]
[Black "Friedel, Roland"]
[Result "1-0"]
[WhiteElo "1948"]
[BlackElo "1612"]
[PlyCount "61"]
[EventDate "2016.03.15"]
[EventType "swiss"]
[EventRounds "9"]
[EventCountry "GER"]
[SourceTitle "EXT 2017"]
[Source "ChessBase"]
[SourceDate "2016.10.25"]
[SourceVersion "1"]
[SourceVersionDate "2016.10.25"]
[SourceQuality "1"]

1. e4 e6 2. d4 d5 3. exd5 exd5 4. Bd3 Nf6 5. Ne2 Bd6 6. h3 0-0 7. Be3 c6 8. Nd2 Re8 9. c3 Nbd7 10. Qc2 a6 11. g4 Nf8 12. 0-0-0 Qc7 13. Rde1 Bd7 14. Rhg1 c5 15. dxc5 Bxc5 16. Nd4 Rac8 17. Kb1 b5 18. N2b3 Bb6 19. a3 Ne4 20. f3 Nf6 21. Qd2 Ne6 22. Nxe6 Bxe6 23. Bxb6 Qxb6 24. Nd4 Nd7 25. f4 Nc5 26. Bc2 Bd7 27. Qg2 Bc6 28. f5 Nd7 29. g5 Nf8 30. g6 f6 31. gxh7+ 1-0

[Event "Leipzig VfB op 21st"]
[Site "Leipzig"]
[Date "2014.03.08"]
[Round "8"]
[White "Franke, Uwe"]
[Black "Lehmann, Lothar"]
[Result "0-1"]
[WhiteElo "1963"]
[BlackElo "1918"]
[PlyCount "78"]
[EventDate "2014.03.04"]
[EventType "tourn"]
[EventRounds "9"]
[EventCountry "GER"]
[SourceTitle "CBM 159 Extra"]
[Source "ChessBase"]
[SourceDate "2014.04.24"]
[SourceVersion "1"]
[SourceVersionDate "2014.04.24"]
[SourceQuality "1"]

1. e4 c5 2. f4 d6 3. d3 Nc6 4. c3 Nf6 5. Nf3 g6 6. Be3 Bg7 7. Nbd2 0-0 8. Be2 Ng4 9. Bg1 f5 10. Ng5 Nh6 11. g3 e5 12. Be3 Qe7 13. 0-0 b6 14. Qb3+ Kh8 15. h3 Nf7 16. Nxf7+ Qxf7 17. Qxf7 Rxf7 18. g4 Ba6 19. exf5 gxf5 20. g5 Re7 21. Kf2 Rae8 22. Bf3 e4 23. Bh5 Rd8 24. Rfe1 Bxd3 25. Rg1 d5 26. Nf1 d4 27. Ng3 dxe3+ 28. Kxe3 Red7 29. Nxf5 Ne7 30. Nxe7 Rxe7 31. f5 Be5 32. f6 Red7 33. Bg4 Rf7 34. Bf5 c4 35. Rad1 Bd6 36. Rg4 Bc5+ 37. Kf4 e3 38. Ke5 e2 39. Re1 Re8+ 0-1

[Event "Leutersdorf Sparkasse op 15th"]
[Site "Leutersdorf"]
[Date "2011.02.20"]
[Round "5"]
[White "Franke, Uwe"]
[Black "Kalbass, Rainer"]
[Result "1/2-1/2"]
[WhiteElo "1994"]
[BlackElo "1817"]
[PlyCount "76"]
[EventDate "2011.02.18"]
[EventType "swiss"]
[EventRounds "7"]
[EventCountry "GER"]
[SourceTitle "CBM 141 Extra"]
[Source "ChessBase"]
[SourceDate "2011.05.03"]
[SourceVersion "1"]
[SourceVersionDate "2011.05.03"]
[SourceQuality "1"]

1. e4 d5 2. exd5 Qxd5 3. Nc3 Qa5 4. Be2 c6 5. d3 Bf5 6. Nf3 Nf6 7. h3 h6 8. Bd2 Qc7 9. Qc1 e6 10. Bf4 Bd6 11. Bxd6 Qxd6 12. Nd2 Nbd7 13. Nc4 Qc7 14. Qd2 0-0-0 15. Qe3 Kb8 16. a4 Nd5 17. Qd2 N7b6 18. b3 e5 19. Nxb6 Nxb6 20. a5 Nd5 21. Nxd5 Rxd5 22. Qc3 f6 23. b4 e4 24. 0-0-0 exd3 25. Bxd3 Qf4+ 26. Qd2 Qxd2+ 27. Rxd2 Rhd8 28. Rhd1 Bxd3 29. Rxd3 Rxd3 30. cxd3 Rd4 31. Re1 Kc7 32. Kc2 Kd7 33. Kc3 Rd5 34. Re2 g5 35. g4 f5 36. f3 b6 37. axb6 axb6 38. Ra2 fxg4 1/2-1/2

[Event "Leutersdorf Sparkasse op 15th"]
[Site "Leutersdorf"]
[Date "2011.02.20"]
[Round "7"]
[White "Franke, Uwe"]
[Black "Schiessl, Werner"]
[Result "1-0"]
[WhiteElo "1994"]
[BlackElo "1380"]
[PlyCount "93"]
[EventDate "2011.02.18"]
[EventType "swiss"]
[EventRounds "7"]
[EventCountry "GER"]
[SourceTitle "CBM 141 Extra"]
[Source "ChessBase"]
[SourceDate "2011.05.03"]
[SourceVersion "1"]
[SourceVersionDate "2011.05.03"]
[SourceQuality "1"]

1. e4 e5 2. Nf3 Nc6 3. Bc4 Qf6 4. d3 Nd4 5. Nxd4 exd4 6. a3 Bc5 7. Nd2 Ne7 8. Nf3 Nc6 9. Qd2 d6 10. b4 Bb6 11. Qg5 Qxg5 12. Nxg5 Ne5 13. Bb3 h6 14. Nf3 Nxf3+ 15. gxf3 f6 16. Rg1 g5 17. f4 g4 18. f5 h5 19. Bd2 Bd7 20. Ke2 0-0-0 21. Bf4 Rde8 22. Kd2 a5 23. Bc4 a4 24. Rg2 Ba7 25. Rh1 b5 26. Ba2 Bb8 27. h3 c5 28. hxg4 Bc6 29. Be6+ Kb7 30. bxc5 dxc5 31. Bxb8 Rxb8 32. gxh5 b4 33. h6 Ka6 34. h7 bxa3 35. Rg8 c4 36. Rxb8 Rxb8 37. h8Q Rxh8 38. Rxh8 a2 39. Bxc4+ Ka5 40. Bxa2 Kb4 41. Kc1 Ka3 42. Bc4 Bd7 43. Rd8 Bc6 44. Rd6 Bb7 45. Rxf6 Bc8 46. Ra6 Bb7 47. Rxa4+ 1-0

[Event "Leutersdorf Sparkasse op 15th"]
[Site "Leutersdorf"]
[Date "2011.02.20"]
[Round "6"]
[White "Schiessl, Hanns"]
[Black "Franke, Uwe"]
[Result "0-1"]
[WhiteElo "1751"]
[BlackElo "1994"]
[PlyCount "48"]
[EventDate "2011.02.18"]
[EventType "swiss"]
[EventRounds "7"]
[EventCountry "GER"]
[SourceTitle "CBM 141 Extra"]
[Source "ChessBase"]
[SourceDate "2011.05.03"]
[SourceVersion "1"]
[SourceVersionDate "2011.05.03"]
[SourceQuality "1"]

1. e4 e5 2. Nf3 Nc6 3. Bb5 Nge7 4. 0-0 Ng6 5. Bxc6 bxc6 6. d3 d6 7. Be3 c5 8. c3 Be7 9. d4 cxd4 10. cxd4 0-0 11. dxe5 Nxe5 12. Nxe5 dxe5 13. Nc3 a6 14. Rc1 Be6 15. Qc2 Bd6 16. Rfd1 Qe7 17. Nd5 Bxd5 18. Rxd5 g6 19. Qc6 Rab8 20. b3 f5 21. Bc5 Rbc8 22. Rc4 fxe4 23. Rxe4 Qg5 24. Re3 Qf5 0-1

[Event "Leutersdorf Sparkasse op 15th"]
[Site "Leutersdorf"]
[Date "2011.02.19"]
[Round "4"]
[White "Monev, Pavel"]
[Black "Franke, Uwe"]
[Result "0-1"]
[WhiteElo "1578"]
[BlackElo "1994"]
[PlyCount "84"]
[EventDate "2011.02.18"]
[EventType "swiss"]
[EventRounds "7"]
[EventCountry "GER"]
[SourceTitle "CBM 141 Extra"]
[Source "ChessBase"]
[SourceDate "2011.05.03"]
[SourceVersion "1"]
[SourceVersionDate "2011.05.03"]
[SourceQuality "1"]

1. e4 e5 2. c4 Nc6 3. Nf3 Bc5 4. Nc3 a6 5. d3 h6 6. Be3 Bxe3 7. fxe3 d6 8. Nd5 Nge7 9. Be2 Bd7 10. 0-0 Ng6 11. Qe1 0-0 12. a3 b6 13. b4 Be6 14. Rf2 Rc8 15. Qd2 a5 16. b5 Nb8 17. a4 Nd7 18. Raf1 Nc5 19. Bd1 Kh8 20. Bc2 Nd7 21. d4 Kg8 22. Bd3 Bxd5 23. exd5 Qe7 24. Bxg6 fxg6 25. e4 Rce8 26. Re2 g5 27. h3 Rf4 28. Rd1 exd4 29. Nxd4 Nc5 30. Nf5 Rxf5 31. exf5 Qxe2 32. Qd4 Qe3+ 33. Kh1 Qxd4 34. Rxd4 Nxa4 35. h4 gxh4 36. Rxh4 Nc5 37. Rg4 Re4 38. Rg3 Kf7 39. Rc3 Rf4 40. Kh2 Rxf5 41. g4 Rf2+ 42. Kg3 Ne4+ 0-1

[Event "Leutersdorf Sparkasse op 13th"]
[Site "Leutersdorf"]
[Date "2009.02.15"]
[Round "7"]
[White "Hans, Mirko"]
[Black "Franke, Uwe"]
[Result "1/2-1/2"]
[WhiteElo "1510"]
[BlackElo "2031"]
[PlyCount "54"]
[EventDate "2009.02.13"]
[EventType "swiss"]
[EventRounds "7"]
[EventCountry "GER"]
[SourceTitle "CBM 128 Extra"]
[Source "ChessBase"]
[SourceDate "2009.03.05"]
[SourceVersion "2"]
[SourceVersionDate "2009.03.25"]
[SourceQuality "1"]

1. e4 e5 2. Nf3 d6 3. d4 exd4 4. Nxd4 Nf6 5. Nc3 Be7 6. Be2 Nbd7 7. 0-0 Nc5 8. Re1 0-0 9. f3 Ne6 10. Be3 Nd7 11. Bc4 Nb6 12. Bb3 Bh4 13. g3 Bf6 14. Qd2 Nc5 15. Rad1 Nxb3 16. axb3 Bd7 17. Ndb5 Qc8 18. Bd4 Bxd4+ 19. Qxd4 a6 20. Na3 Be6 21. Nc4 Nxc4 22. bxc4 Re8 23. c5 Rd8 24. cxd6 Rxd6 25. Qe5 f6 26. Qf4 Rxd1 27. Rxd1 c6 1/2-1/2

[Event "Leutersdorf Sparkasse op 13th"]
[Site "Leutersdorf"]
[Date "2009.02.14"]
[Round "5"]
[White "Franke, Uwe"]
[Black "Gluth, Manfred"]
[Result "1/2-1/2"]
[WhiteElo "2031"]
[BlackElo "1737"]
[PlyCount "107"]
[EventDate "2009.02.13"]
[EventType "swiss"]
[EventRounds "7"]
[EventCountry "GER"]
[SourceTitle "CBM 128 Extra"]
[Source "ChessBase"]
[SourceDate "2009.03.05"]
[SourceVersion "2"]
[SourceVersionDate "2009.03.25"]
[SourceQuality "1"]

1. e4 c6 2. f4 d5 3. e5 e6 4. Nf3 c5 5. c3 Nc6 6. d3 Nge7 7. Be3 Nf5 8. Bf2 g6 9. Nbd2 b6 10. Be2 Bg7 11. a3 Qc7 12. g3 Bd7 13. Qc2 f6 14. exf6 Bxf6 15. 0-0 0-0 16. Rac1 Rac8 17. Rfe1 Rfe8 18. Bf1 Re7 19. Bg2 Rce8 20. g4 Nd6 21. Bg3 Nf7 22. f5 e5 23. fxg6 hxg6 24. h3 Kg7 25. Nh2 Be6 26. h4 Rd7 27. Ndf3 Bd8 28. d4 Qb7 29. dxe5 Nh6 30. h5 gxh5 31. gxh5 Bf5 32. Qf2 Rf7 33. Qd2 Qd7 34. Ng5 Bxg5 35. Qxg5+ Kh7 36. Bf4 Re6 37. Nf3 Rg7 38. Qh4 Rg4 39. Qh2 Qg7 40. Kh1 Be4 41. Rg1 Re8 42. Ng5+ Kh8 43. Nxe4 dxe4 44. Bxe4 Nxe5 45. Bxe5 Qxe5 46. Qxe5+ Rxe5 47. Bg6 Rh4+ 48. Kg2 Re2+ 49. Kg3 Rg4+ 50. Kf3 Rxg1 51. Rxg1 Rxb2 52. a4 Rb3 53. Rc1 a6 54. Kf4 1/2-1/2

[Event "Leipzig VfB op 14th"]
[Site "Leipzig"]
[Date "2007.03.22"]
[Round "4"]
[White "Hoffmann, Steffen"]
[Black "Franke, Uwe"]
[Result "1/2-1/2"]
[WhiteElo "2057"]
[BlackElo "1694"]
[PlyCount "115"]
[EventDate "2007.03.20"]
[EventType "swiss"]
[EventRounds "9"]
[EventCountry "GER"]
[SourceTitle "EXT 2008"]
[Source "ChessBase"]
[SourceDate "2007.11.25"]
[SourceVersion "1"]
[SourceVersionDate "2007.11.25"]
[SourceQuality "1"]

1. d4 e6 2. c4 d5 3. Nf3 Nc6 4. g3 h6 5. Bg2 Nf6 6. 0-0 Be7 7. Nc3 0-0 8. Ne5 Nxe5 9. dxe5 Nd7 10. cxd5 Nxe5 11. dxe6 fxe6 12. Bf4 Ng6 13. Qxd8 Bxd8 14. Be3 c6 15. Ne4 Bc7 16. Rac1 Ne7 17. Bc5 Re8 18. Nd6 Bxd6 19. Bxd6 Nd5 20. e4 Nf6 21. f4 g6 22. h3 h5 23. Bf3 Kf7 24. Rfd1 a6 25. Kg2 Rg8 26. Rd2 Rd8 27. Rcd1 Ne8 28. Be5 Rxd2+ 29. Rxd2 Nf6 30. g4 hxg4 31. hxg4 Nd7 32. Bd6 Nb6 33. b3 a5 34. Bc7 Nd7 35. Kg3 Ra7 36. Bd6 Kg7 37. Ba3 c5 38. Bb2+ Kf7 39. Rh2 Nf8 40. a4 b6 41. Be2 Ba6 42. Bxa6 Rxa6 43. f5 exf5 44. exf5 gxf5 45. Rf2 Nd7 46. Rxf5+ Kg6 47. Rd5 Ra7 48. Rd6+ Kf7 49. g5 Ke7 50. Rh6 Ra8 51. Kg4 Rf8 52. Rh7+ Ke6 53. Rh6+ Ke7 54. Rh2 Rf1 55. g6 Nf6+ 56. Kg5 Rg1+ 57. Kf5 Rf1+ 58. Kg5 1/2-1/2

[Event "Leipzig VfB op 13th"]
[Site "Leipzig"]
[Date "2006.03.16"]
[Round "5"]
[White "Franke, Uwe"]
[Black "Randt, Karl Heinz"]
[Result "0-1"]
[WhiteElo "1680"]
[BlackElo "1990"]
[PlyCount "164"]
[EventDate "2006.03.14"]
[EventType "swiss"]
[EventRounds "9"]
[EventCountry "GER"]
[SourceTitle "EXT 2008"]
[Source "ChessBase"]
[SourceDate "2007.11.25"]
[SourceVersion "1"]
[SourceVersionDate "2007.11.25"]
[SourceQuality "1"]

1. e4 c5 2. f4 d6 3. Nf3 e6 4. d3 Nf6 5. g3 Nc6 6. c3 Be7 7. Be3 Ng4 8. Bg1 Qc7 9. h3 Nf6 10. Nbd2 b6 11. Bh2 Bb7 12. Bg2 e5 13. g4 h6 14. Nc4 Nd7 15. Qc2 b5 16. Ne3 Nf6 17. Rf1 exf4 18. Bxf4 Ne5 19. Nd2 Nfd7 20. Nf5 Bf6 21. Rc1 g6 22. Ne3 c4 23. dxc4 bxc4 24. Bxe5 Bh4+ 25. Ke2 Nxe5 26. Ndxc4 Nxc4 27. Qa4+ Bc6 28. Qxc4 Rb8 29. Qd4 Rxb2+ 30. Kd1 0-0 31. Rc2 Rfb8 32. Nc4 Rxc2 33. Kxc2 Bb5 34. Nxd6 Bxf1 35. Bxf1 Rd8 36. e5 Bg3 37. Bc4 Bxe5 38. Bxf7+ Kh7 39. Bxg6+ Kxg6 40. Qe4+ Kf6 41. Qf5+ Ke7 42. Qxe5+ Kd7 43. Nf7 Qxe5 44. Nxe5+ Ke6 45. Nc6 Rd7 46. h4 Kd6 47. Nd4 Ke5 48. Ne2 Rf7 49. g5 Rf2 50. Kd1 h5 51. Ng3 Rh2 52. Nxh5 Rxh4 53. Nf6 Ra4 54. Kc2 Rxa2+ 55. Kb3 Rg2 56. Nd7+ Kd6 57. Nf6 Ke6 58. c4 Rxg5 59. Ne4 Re5 60. Nc3 Kd7 61. Nd5 Kc6 62. Nb4+ Kb6 63. Kc3 a5 64. Nd3 Re2 65. Nb2 Re3+ 66. Kd4 Ra3 67. Nd1 Ra1 68. Nc3 a4 69. c5+ Ka5 70. Kc4 Rh1 71. c6 Rh8 72. Kc5 a3 73. Na2 Ka4 74. c7 Kb3 75. Nc1+ Kc2 76. Na2 Kb2 77. Nb4 Rh3 78. Nc6 Rh8 79. Nd8 a2 80. c8Q a1Q 81. Qb7+ Kc1 82. Ne6 Qe5+ 0-1

[Event "Leipzig VfB op 09th"]
[Site "Leipzig"]
[Date "2002.03.09"]
[Round "8"]
[White "Lehmann, Lothar"]
[Black "Franke, Uwe"]
[Result "1-0"]
[WhiteElo "1888"]
[BlackElo "1595"]
[PlyCount "69"]
[EventDate "2002.03.05"]
[EventType "swiss"]
[EventRounds "9"]
[EventCountry "GER"]
[SourceTitle "EXT 2007"]
[Source "ChessBase"]
[SourceDate "2006.11.23"]
[SourceVersion "1"]
[SourceVersionDate "2006.11.23"]
[SourceQuality "1"]

1. e4 g6 2. d4 Bg7 3. c4 e6 4. Nc3 d6 5. Nf3 h6 6. Be2 Ne7 7. 0-0 Nd7 8. Be3 b6 9. Rc1 Bb7 10. Re1 a6 11. Qc2 Qc8 12. b4 0-0 13. c5 d5 14. Bd3 b5 15. a4 c6 16. Bf4 dxe4 17. Nxe4 Nf5 18. axb5 axb5 19. g4 Nxd4 20. Nxd4 Bxd4 21. Bxh6 Bg7 22. Bxg7 Kxg7 23. g5 Rh8 24. Nd6 Qc7 25. Qc3+ Kg8 26. Re3 Nf8 27. Rf3 Rh7 28. Re1 Rd8 29. Qe5 Qe7 30. Re4 Rd7 31. Ref4 Rg7 32. Ne4 Rd5 33. Nf6+ Kh8 34. Rh4+ Nh7 35. Rxh7+ 1-0

[Event "Leipzig VfB op 09th"]
[Site "Leipzig"]
[Date "2002.03.08"]
[Round "6"]
[White "Franke, Uwe"]
[Black "Zaerban, Jan Christopher"]
[Result "1-0"]
[WhiteElo "1595"]
[BlackElo "2105"]
[PlyCount "113"]
[EventDate "2002.03.05"]
[EventType "swiss"]
[EventRounds "9"]
[EventCountry "GER"]
[SourceTitle "EXT 2007"]
[Source "ChessBase"]
[SourceDate "2006.11.23"]
[SourceVersion "1"]
[SourceVersionDate "2006.11.23"]
[SourceQuality "1"]

1. e4 c5 2. f4 d5 3. e5 Nc6 4. c3 Qb6 5. Qf3 e6 6. Nh3 Bd7 7. Na3 0-0-0 8. Qe2 f6 9. d3 Nh6 10. Nc2 fxe5 11. fxe5 Nf7 12. b3 Nfxe5 13. Bb2 Bd6 14. 0-0-0 Ng6 15. c4 d4 16. g3 Rdf8 17. Bg2 Rf6 18. Nf2 Qc7 19. Ne4 Rff8 20. Qh5 b6 21. Kb1 Rf5 22. Qe2 Rff8 23. Bc1 e5 24. Rde1 Be7 25. Bd2 Rf7 26. Bg5 Qd8 27. Nd6+ Bxd6 28. Bxd8 Kxd8 29. Be4 Nge7 30. Rhf1 Rhf8 31. Rxf7 Rxf7 32. Rf1 Rxf1+ 33. Qxf1 g6 34. a3 a5 35. a4 Bf5 36. Qg2 Kd7 37. h3 Nd8 38. g4 Be6 39. Ne1 Bf7 40. Nf3 Ne6 41. Qg3 Nf4 42. Kc2 Nc6 43. Bxc6+ Kxc6 44. Qh4 h5 45. Qf6 Be6 46. Nxe5+ Bxe5 47. Qxe5 hxg4 48. hxg4 g5 49. Qxg5 Ng2 50. Qf6 Kd7 51. g5 Ne3+ 52. Kd2 Nf5 53. g6 Ne7 54. g7 Ng8 55. Qf8 Ne7 56. Qb8 Nc8 57. Ke1 1-0

[Event "Leipzig VfB op 09th"]
[Site "Leipzig"]
[Date "2002.03.05"]
[Round "1"]
[White "Gauch, Mirko"]
[Black "Franke, Uwe"]
[Result "1-0"]
[WhiteElo "2125"]
[BlackElo "1595"]
[PlyCount "33"]
[EventDate "2002.03.05"]
[EventType "swiss"]
[EventRounds "9"]
[EventCountry "GER"]
[SourceTitle "EXT 2007"]
[Source "ChessBase"]
[SourceDate "2006.11.23"]
[SourceVersion "1"]
[SourceVersionDate "2006.11.23"]
[SourceQuality "1"]

1. f4 b6 2. e3 Bb7 3. Nf3 e6 4. b3 Ne7 5. Bb2 c5 6. Bd3 Nbc6 7. a3 Ng6 8. 0-0 f5 9. Ng5 h6 10. Qh5 Nce7 11. Nf3 d6 12. Nh4 Kf7 13. g4 Be4 14. Bxe4 fxe4 15. f5 e5 16. Nxg6 Nxg6 17. Qxg6+ 1-0

[Event "Leipzig VfB op 08th"]
[Site "Leipzig"]
[Date "2001.02.24"]
[Round "7"]
[White "Franke, Uwe"]
[Black "Franke, Helmut"]
[Result "0-1"]
[WhiteElo "1593"]
[BlackElo "1745"]
[PlyCount "92"]
[EventDate "2001.02.20"]
[EventType "swiss"]
[EventRounds "9"]
[EventCountry "GER"]
[SourceTitle "EXT 2008"]
[Source "ChessBase"]
[SourceDate "2007.11.25"]
[SourceVersion "1"]
[SourceVersionDate "2007.11.25"]
[SourceQuality "1"]

1. e4 e5 2. Bc4 Nf6 3. d3 Be7 4. h3 d6 5. c3 Nbd7 6. Ne2 Nb6 7. Bb3 c5 8. Nd2 Bd7 9. Nf3 Qc7 10. Bg5 c4 11. Bxf6 gxf6 12. dxc4 Nxc4 13. Qc2 0-0-0 14. 0-0-0 Be6 15. Nd2 Nxd2 16. Rxd2 Qb6 17. f3 f5 18. Bxe6+ fxe6 19. Kb1 Rhg8 20. Nc1 f4 21. Rhd1 Rg6 22. Nd3 Rgg8 23. Nb4 a5 24. Nd3 Rg6 25. Qa4 Bh4 26. Nc1 Bf2 27. Qc4+ Kb8 28. Nd3 Be3 29. Nxe5 Rg7 30. Ng4 Bxd2 31. Rxd2 h5 32. Qxe6 hxg4 33. Qf6 gxh3 34. gxh3 Rg1+ 35. Kc2 Rg3 36. Qxf4 Rxh3 37. Qf6 Rhh8 38. e5 Rhf8 39. Qh6 Rxf3 40. exd6 Rf2 41. Rxf2 Qxf2+ 42. Kb1 Qf8 43. Qg5 b6 44. d7 Rxd7 45. Qb5 Qd6 46. a4 Qd1+ 0-1

[Event "Leipzig VfB op 08th"]
[Site "Leipzig"]
[Date "2001.02.22"]
[Round "4"]
[White "Winnig, Bernd"]
[Black "Franke, Uwe"]
[Result "0-1"]
[WhiteElo "1876"]
[BlackElo "1593"]
[PlyCount "102"]
[EventDate "2001.02.20"]
[EventType "swiss"]
[EventRounds "9"]
[EventCountry "GER"]
[SourceTitle "EXT 2008"]
[Source "ChessBase"]
[SourceDate "2007.11.25"]
[SourceVersion "1"]
[SourceVersionDate "2007.11.25"]
[SourceQuality "1"]

1. d4 g6 2. c4 Bg7 3. Nc3 b6 4. Nf3 Bb7 5. e4 d6 6. Bd3 Nd7 7. 0-0 e5 8. d5 Ne7 9. Be3 h6 10. Nd2 g5 11. f3 Ng6 12. b4 Bc8 13. Nb3 Nf6 14. c5 Nf4 15. cxd6 cxd6 16. Rc1 Nxd3 17. Qxd3 0-0 18. a4 Nh5 19. Ne2 Nf4 20. Qd2 Bd7 21. Nc3 Qe8 22. Ra1 Rc8 23. Rfc1 Rc4 24. b5 Qe7 25. Nd1 Rfc8 26. Ra2 Rxc1 27. Nxc1 Rxc1 28. Qxc1 f5 29. Qc7 fxe4 30. fxe4 Qf7 31. Rf2 h5 32. Qxd6 h4 33. Qb8+ Kh7 34. Qxa7 g4 35. Qxb6 g3 36. hxg3 hxg3 37. Rc2 Qh5 38. Nc3 Qh2+ 39. Kf1 Nxg2 40. Bg1 Bh3 41. Rxg2 Qxg2+ 42. Ke1 Qf3 43. Kd2 Bf1 44. Be3 g2 45. Qd8 Qxe3+ 46. Kxe3 g1Q+ 47. Kd2 Qd4+ 48. Kc2 Bd3+ 49. Kb3 Qc4+ 50. Kb2 Qb4+ 51. Ka2 Bc4+ 0-1

[Event "Leipzig VfB op 08th"]
[Site "Leipzig"]
[Date "2001.02.21"]
[Round "2"]
[White "Grosse, Marcus"]
[Black "Franke, Uwe"]
[Result "1/2-1/2"]
[WhiteElo "842"]
[BlackElo "1593"]
[PlyCount "63"]
[EventDate "2001.02.20"]
[EventType "swiss"]
[EventRounds "9"]
[EventCountry "GER"]
[SourceTitle "EXT 2008"]
[Source "ChessBase"]
[SourceDate "2007.11.25"]
[SourceVersion "1"]
[SourceVersionDate "2007.11.25"]
[SourceQuality "1"]

1. Nf3 Nc6 2. d4 d5 3. c4 e6 4. Nc3 Bb4 5. Qc2 h6 6. Bf4 dxc4 7. e3 Bd6 8. Ne2 a6 9. Qxc4 Nge7 10. Bxd6 cxd6 11. Nf4 d5 12. Qc3 Bd7 13. Bd3 Rc8 14. Qd2 g6 15. 0-0 Qb6 16. a3 Na5 17. Qb4 Qxb4 18. axb4 Nc4 19. b3 Nd6 20. Ne5 Bb5 21. Rfc1 g5 22. Rxc8+ Nexc8 23. Bxb5+ Nxb5 24. Nh5 Ke7 25. Rc1 Ncd6 26. f4 Rc8 27. Rxc8 Nxc8 28. Kf2 Ncd6 29. fxg5 hxg5 30. Ng3 Nc3 31. Ke1 Na2 32. Nd3 1/2-1/2